Налоги и налогообложение (Запись № 11830936)

Подробности
000 -МАРКЕР
контрольное поле 02454nam0a2200349 4500
001 - ИДЕНТИФИКАТОР ЗАПИСИ
контрольное поле RU\NLR\BIBL_A\012086350
005 - ИДЕНТИФИКАТОР ВЕРСИИ
контрольное поле 20190919151128.0
010 ## - МЕЖДУНАРОДНЫЙ СТАНДАРТНЫЙ НОМЕР КНИГИ (ISBN)
Номер (ISBN) 978-5-88575-551-1
Тираж 100
021 ## - НОМЕР ГОСУДАРСТВЕННОЙ РЕГИСТРАЦИИ
Код страны Российская Федерация
Номер КН-П-19-056017
Номер Листа государственной регистраци КН-П-19-4029
035 ## - ДРУГИЕ СИСТЕМНЫЕ НОМЕРА
Идентификатор записи (NLR Aleph) 012086350
035 ## - ДРУГИЕ СИСТЕМНЫЕ НОМЕРА
Идентификатор записи (RuMoRGB)010051725
100 ## - ДАННЫЕ ОБЩЕЙ ОБРАБОТКИ
Данные общей обработки 20190903d2018 u y0rusy50 ca
101 0# - ЯЗЫК РЕСУРСА
Язык текста, звукозаписи и т.д. русский
102 ## - СТРАНА ПУБЛИКАЦИИ ИЛИ ПРОИЗВОДСТВА
Страна публикации Российская Федерация
105 ## - ПОЛЕ КОДИРОВАННЫХ ДАННЫХ: ТЕКСТОВЫЕ МАТЕРИАЛЫ, МОНОГРАФИЧЕСКИЕ
Кодированные данные о монографическом текстовом документе y|||j|||000zy
200 1# - ЗАГЛАВИЕ И СВЕДЕНИЯ ОБ ОТВЕТСТВЕННОСТИ
Основное заглавие Налоги и налогообложение
Сведения, относящиеся к заглавию учебное пособие
-- [для студентов высших учебных заведений, обучающихся по направлениям подготовки 38.03.11 Экономика и 38.03.04 Государственное и муниципальное управление]
Первые сведения об ответственности Ю. Ю. Газизьянова, Ю. Н. Кудряшова, Т. Г. Лазарева, Л. С. Уварова
Последующие сведения об ответственности Министерство сельского хозяйства Российской Федерации, Федеральное государственное бюджетное образовательное учреждение высшего образования "Самарская государственная сельскохозяйственная академия"
210 ## - ПУБЛИКАЦИЯ, РАСПРОСТРАНЕНИЕ И ДР.
Место издания, распространения и т.д. Кинель
Имя издателя, распространителя и т. д. Самарская ГСХА
Дата издания, распространения и т.д. 2018
215 ## - ФИЗИЧЕСКАЯ ХАРАКТЕРИСТИКА
Специфическое обозначение материала и объем 174 с.
Другие сведения о физической характеристике ил., табл.
Размеры 20
320 ## - ПРИМЕЧАНИЯ О НАЛИЧИИ В ДОКУМЕНТЕ БИБЛИОГРАФИИ / УКАЗАТЕЛЯ
Текст примечания Библиогр.: с. 168-169 (17 назв.)
320 ## - ПРИМЕЧАНИЯ О НАЛИЧИИ В ДОКУМЕНТЕ БИБЛИОГРАФИИ / УКАЗАТЕЛЯ
Текст примечания Алф.-предм. указ.: с. 170-171
606 1# - НАИМЕНОВАНИЕ ТЕМЫ КАК ПРЕДМЕТ
Наименование темы Налоговое обложение
Формальный подзаголовок Учебные издания для высших учебных заведений
Географический подзаголовок Российская Федерация
Системный номер авторитетной/нормативной записи 2081365
Идентификатор авторитетной/нормативной записи RU\NLR\AUTH\661257343
686 1# - ИНДЕКСЫ ДРУГИХ КЛАССИФИКАЦИЙ
Индекс У26(2)141.3я73
701 #1 - ИМЯ ЛИЦА - АЛЬТЕРНАТИВНАЯ ОТВЕТСТВЕННОСТЬ
Начальный элемент ввода Газизьянова
Часть имени, кроме начального элемента ввода Ю. Ю.
Дополнения к именам, кроме дат канд. экон. наук
Расширение инициалов личного имени Юлия Юнусовна
Системный номер авторитетной/нормативной записи 190232
Идентификатор авторитетной/нормативной записи RU\NLR\AUTH\770190283
701 #1 - ИМЯ ЛИЦА - АЛЬТЕРНАТИВНАЯ ОТВЕТСТВЕННОСТЬ
Начальный элемент ввода Кудряшова
Часть имени, кроме начального элемента ввода Ю. Н.
Дополнения к именам, кроме дат канд. экон. наук
Расширение инициалов личного имени Юлия Николаевна
Системный номер авторитетной/нормативной записи 167771
Идентификатор авторитетной/нормативной записи RU\NLR\AUTH\770167819
701 #1 - ИМЯ ЛИЦА - АЛЬТЕРНАТИВНАЯ ОТВЕТСТВЕННОСТЬ
Графика поля Кириллица
Материалы, к которым относится поле rus
Начальный элемент ввода Лазарева
Часть имени, кроме начального элемента ввода Т. Г.
Дополнения к именам, кроме дат канд. экон. наук
Расширение инициалов личного имени Татьяна Георгиевна
Системный номер авторитетной/нормативной записи 168725
Идентификатор авторитетной/нормативной записи RU\NLR\AUTH\770168775
701 #1 - ИМЯ ЛИЦА - АЛЬТЕРНАТИВНАЯ ОТВЕТСТВЕННОСТЬ
Начальный элемент ввода Уварова
Часть имени, кроме начального элемента ввода Л. С.
Дополнения к именам, кроме дат канд. экон. наук
Расширение инициалов личного имени Людмила Серафимовна
Системный номер авторитетной/нормативной записи 190236
Идентификатор авторитетной/нормативной записи RU\NLR\AUTH\770190287
942 ## - ДОПОЛНИТЕЛЬНЫЕ ЭЛЕМЕНТЫ ЗАПИСИ (АБИС)
Тип экземпляра АБИС Книга
980 ## - КОЛЛЕКЦИЯ
Название коллекции НБР
980 ## - КОЛЛЕКЦИЯ
Название коллекции Национальная библиография

Нет доступных экземпляров.